| 000 | 00957nam0a22002771 4500 | ||
|---|---|---|---|
| 001 | rc\3487098 | ||
| 005 | 20250610023413.0 | ||
| 021 |
_aRU _b[69-92710] |
||
| 035 | _a(NLR Aleph) 007647453 | ||
| 090 |
_a6192294 _c6192294 |
||
| 100 | _a20130115d1969 |||y0rusy50 ca | ||
| 101 | 0 | _arus | |
| 102 | _aRU | ||
| 105 | _aa z ||||| | ||
| 200 | 1 | _aФосфорные удобрения и их рациональное использование | |
| 210 |
_aКраснодар _cКн. изд-во _d1969 |
||
| 215 |
_a110 с. _cчерт. _d20 |
||
| 300 | _aПеред загл. авт.: П.В. Носов, канд. с.-х. наук | ||
| 320 | _aБиблиогр.: с. 108-109 | ||
| 606 |
_aФосфорные удобрения _yКраснодарский край _2psbo |
||
| 700 | 1 |
_aНосов _bП.В. _gПавел Васильевич |
|
| 801 | 0 |
_aRU _bNLR _gpsbo |
|
| 801 | 1 |
_aRU _bELAR _2rusmarc |
|
| 852 |
_aNLR _j69-3/8235 |
||
| 942 | _cBOOK | ||
| 980 | _aNB | ||